<?xml version="1.0" encoding="UTF-8"?>
<record
    xmlns:xsi="http://www.w3.org/2001/XMLSchema-instance"
    xsi:schemaLocation="http://www.loc.gov/MARC21/slim http://www.loc.gov/standards/marcxml/schema/MARC21slim.xsd"
    xmlns="http://www.loc.gov/MARC21/slim">

  <leader>02547cam a2200349 a 4500</leader>
  <controlfield tag="003">EG-GiCUC</controlfield>
  <controlfield tag="005">20250223031614.0</controlfield>
  <controlfield tag="008">161115s2016    ua     f m    000 0 eng d</controlfield>
  <datafield tag="040" ind1=" " ind2=" ">
    <subfield code="a">EG-GiCUC</subfield>
    <subfield code="b">eng</subfield>
    <subfield code="c">EG-GiCUC</subfield>
  </datafield>
  <datafield tag="041" ind1="0" ind2=" ">
    <subfield code="a">eng</subfield>
  </datafield>
  <datafield tag="049" ind1=" " ind2=" ">
    <subfield code="a">Deposite</subfield>
  </datafield>
  <datafield tag="097" ind1=" " ind2=" ">
    <subfield code="a">M.Sc</subfield>
  </datafield>
  <datafield tag="099" ind1=" " ind2=" ">
    <subfield code="a">Cai01.11.28.M.Sc.2016.Ah.U</subfield>
  </datafield>
  <datafield tag="100" ind1="0" ind2=" ">
    <subfield code="a">Ahmed Sherif Abdelraouf Ahmed</subfield>
  </datafield>
  <datafield tag="245" ind1="1" ind2="0">
    <subfield code="a">Urinary neutrophil gelatinase-associated lipocalin as a biomarker of disease activity in pediatric lupus nephritis / </subfield>
    <subfield code="c">Ahmed Sherif Abdelraouf Ahmed ; Supervised Hala Salah Eldin Talaat , Miriam Magdy Aziz , Dalia Kadry Ismail</subfield>
  </datafield>
  <datafield tag="246" ind1="1" ind2="5">
    <subfield code="a">&#x627;&#x646; - &#x62C;&#x649; - &#x627;&#x64A;&#x647; - &#x644;&#x64A;&#x628;&#x648;&#x643;&#x627;&#x644;&#x64A;&#x646; &#x645;&#x646; &#x627;&#x644;&#x62F;&#x644;&#x627;&#x644;&#x627;&#x62A; &#x627;&#x644;&#x62D;&#x64A;&#x648;&#x64A;&#x629; &#x641;&#x649; &#x627;&#x644;&#x628;&#x648;&#x644; &#x644;&#x627;&#x644;&#x62A;&#x647;&#x627;&#x628; &#x627;&#x644;&#x643;&#x644;&#x649; &#x641;&#x649; &#x645;&#x631;&#x636; &#x627;&#x644;&#x630;&#x626;&#x628;&#x629; &#x627;&#x644;&#x62D;&#x645;&#x631;&#x627;&#x621; &#x644;&#x62F;&#x649; &#x627;&#x644;&#x623;&#x637;&#x641;&#x627;&#x644;</subfield>
  </datafield>
  <datafield tag="260" ind1=" " ind2=" ">
    <subfield code="a">Cairo : </subfield>
    <subfield code="b">Ahmed Sherif Abdelraouf Ahmed , </subfield>
    <subfield code="c">2016</subfield>
  </datafield>
  <datafield tag="300" ind1=" " ind2=" ">
    <subfield code="a">105 P. ; </subfield>
    <subfield code="c">25cm</subfield>
  </datafield>
  <datafield tag="502" ind1=" " ind2=" ">
    <subfield code="a">Thesis (M.Sc.) - Cairo University - Faculty of Medicine - Department of Pediatrics</subfield>
  </datafield>
  <datafield tag="520" ind1=" " ind2=" ">
    <subfield code="a">More than 60% of children with systemic lupus erythematosus (SLE) develop lupus nephritis (LN). Neutrophil gelatinase associated lipocalin (NGAL) is a protein secreted by leukocytes during inflammation and is overexpressed in the kidneys following ischemic and nephrotoxic damage. To evaluate the role of urinary neutrophil gelatinase associated lipocalin-2 as a biomarker of renal involvement in SLE patients. Urinary levels of NGAL were assessed in 50 children with active SLE (25 with and 25 without LN) and compared to 25 matched controls. Children with SLE had elevated urinary NGAL (&#xB1;295.8 ng / ml) as compared to controls (&#xB1;124.4 ng / ml) (P &lt; 0.001). Levels of urinary NGAL were higher in patients with LN (&#xB1;822.8ng / ml) than those without LN (&#xB1;295.8 ng / ml) (P &lt; 0.001). In patients with LN, urinary levels of NGAL were correlated with the quantitative and qualitative measures of proteinuria (P &lt; 0.001). Urinary NGAL was not significantly correlated with the histopathological classification by renal biopsy (P &lt; 0.292). Urinary NGAL is a sensitive marker of proliferative nephritis in juvenile SLE</subfield>
  </datafield>
  <datafield tag="530" ind1=" " ind2=" ">
    <subfield code="a">Issued also as CD</subfield>
  </datafield>
  <datafield tag="653" ind1=" " ind2="4">
    <subfield code="a">Lipocalin 2</subfield>
  </datafield>
  <datafield tag="653" ind1=" " ind2="4">
    <subfield code="a">Proliferative lupus nephritis</subfield>
  </datafield>
  <datafield tag="653" ind1=" " ind2="4">
    <subfield code="a">Urinary NGAL</subfield>
  </datafield>
  <datafield tag="700" ind1="0" ind2=" ">
    <subfield code="a">Dalia Kadry Ismail , </subfield>
    <subfield code="e">Supervisor</subfield>
  </datafield>
  <datafield tag="700" ind1="0" ind2=" ">
    <subfield code="a">Hala Salah Eldin Talaat , </subfield>
    <subfield code="e">Supervisor</subfield>
  </datafield>
  <datafield tag="700" ind1="0" ind2=" ">
    <subfield code="a">Miriam Magdy Aziz , </subfield>
    <subfield code="e">Supervisor</subfield>
  </datafield>
  <datafield tag="856" ind1=" " ind2=" ">
    <subfield code="u">http://172.23.153.220/th.pdf</subfield>
  </datafield>
  <datafield tag="905" ind1=" " ind2=" ">
    <subfield code="a">Nazla</subfield>
    <subfield code="e">Revisor</subfield>
  </datafield>
  <datafield tag="905" ind1=" " ind2=" ">
    <subfield code="a">Samia</subfield>
    <subfield code="e">Cataloger</subfield>
  </datafield>
  <datafield tag="942" ind1=" " ind2=" ">
    <subfield code="2">ddc</subfield>
    <subfield code="c">TH</subfield>
  </datafield>
  <datafield tag="999" ind1=" " ind2=" ">
    <subfield code="c">58620</subfield>
    <subfield code="d">58620</subfield>
  </datafield>
  <datafield tag="952" ind1=" " ind2=" ">
    <subfield code="2">ddc</subfield>
    <subfield code="7">0</subfield>
    <subfield code="a">CUCL</subfield>
    <subfield code="b">cl210</subfield>
    <subfield code="d">2024-02-11</subfield>
    <subfield code="o">Cai01.11.28.M.Sc.2016.Ah.U</subfield>
    <subfield code="p">01010110070244000</subfield>
    <subfield code="r">2023-09-22 00:00:00</subfield>
    <subfield code="y">TH</subfield>
  </datafield>
  <datafield tag="952" ind1=" " ind2=" ">
    <subfield code="2">ddc</subfield>
    <subfield code="7">0</subfield>
    <subfield code="a">CUCL</subfield>
    <subfield code="b">cl2u8</subfield>
    <subfield code="d">2024-02-11</subfield>
    <subfield code="o">Cai01.11.28.M.Sc.2016.Ah.U</subfield>
    <subfield code="p">01020110070244000</subfield>
    <subfield code="r">2023-09-22 00:00:00</subfield>
    <subfield code="t">70244.CD</subfield>
    <subfield code="y">CD</subfield>
  </datafield>
</record>
